000 00217 a2200109 4500
020 _a9781933032979
041 _aspa
100 _aKINNEY, Jeff
245 _aDIARIO de Greg 9 EL viaje
942 _cBK
952 _74
_xok
999 _c25941
_d25941